Nouvelle géographie universelle (Record no. 163101)
[ view plain ]
| 000 -LEADER | |
|---|---|
| campo de control de longitud fija | 01279nam a22002175i 4500 |
| 001 - NÚMERO DE CONTROL | |
| campo de control | 163101 |
| 003 - IDENTIFICADOR DE NÚMERO DE CONTROL | |
| campo de control | ES-MaACL |
| 005 - FECHA Y HORA DE LA ÚLTIMA TRANSACCIÓN | |
| campo de control | 20250815062540.0 |
| 008 - DATOS DE LONGITUD FIJA--INFORMACIÓN GENERAL | |
| campo de control de longitud fija | 950206m18761894fr a |||| | fre d |
| 040 ## - FUENTE DE CATALOGACIÓN | |
| Centro catalogador/agencia de origen | GA |
| Lengua de catalogación | spa |
| Centro/agencia transcriptor | CCPB | PA2 |
| 100 1# - ENTRADA PRINCIPAL--NOMBRE DE PERSONA | |
| Nombre de persona | Reclus, Élisée, |
| Fechas asociadas al nombre | 1830-1905 |
| 9 (RLIN) | 95775 |
| 245 10 - MENCIÓN DEL TÍTULO | |
| Título | Nouvelle géographie universelle |
| Resto del título | : la terre et les hommes / |
| Mención de responsabilidad, etc. | par Elisée Reclus. |
| 260 ## - PUBLICACIÓN, DISTRIBUCIÓN, ETC. | |
| Lugar de publicación, distribución, etc. | Paris : |
| Nombre del editor, distribuidor, etc. | Librairie Hachette et Cie., |
| Fecha de publicación, distribución, etc. | 1876-1894 ( |
| Fabricante | Typographie Lahure) |
| 300 ## - DESCRIPCIÓN FÍSICA | |
| Extensión | 20 v. : |
| Otras características físicas | il. ; |
| Dimensiones | 29 cm. |
| 505 8# - NOTA DE CONTENIDO CON FORMATO | |
| Nota de contenido con formato | T. I. L'Europe méridionale : (Grèce, Turquie, Roumanie, Serbie, Italie, Espagne et Portugal) -- T. II. La France -- T. III. L'Europe Centrale : (Suisse, Austro- Hongrie, Allemagne) -- T. IV. L'Europe du Nord-Ouest : (Belgique, Hollande, Iles Britanniques) -- T. V. L'Europe Escandinave et Russe -- T. VI. L'Asie russe -- T. VII. L'Asie Orientale -- T. VIII. L'Inde et l'Indo-Chine -- T. IX. L'Asie antérieure -- T. X. L'Afrique septentrionale (1" parte) -- T. XI. L'Afrique septentrionale (2" parte) |
| 510 4# - NOTA DE CITAS O REFERENCIAS BIBLIOGRÁFICAS | |
| Nombre de la fuente | WWW CCFr, 11/07/02 |
| 599 #1 - NOTA A LAS ILUSTRACIONES | |
| NOTA A LAS ILUSTRACIONES | Grab. xil. intercalados en el texto. |
| 650 07 - PUNTO DE ACCESO ADICIONAL DE MATERIA--TÉRMINO DE MATERIA | |
| Término de materia o nombre geográfico como elemento de entrada | Geografía |
| Fuente del encabezamiento o término | embne |
| 9 (RLIN) | 13070 |
| 852 ## - LOCALIZACIÓN | |
| Ubicación | ES-MaACL |
| Número de control de estantería | G-671-89 |
| Nota libre | -- Enc. hol., excepto t.I y XVII con enc. piel |
| condición física | -- Falto del t.XX |
| Estatus retirado | Estado de pérdida | Estado de daño | No para préstamo | Colección | Biblioteca de origen | Biblioteca actual | Ubicación en estantería | Fecha de adquisición | Total de préstamos | Signatura topográfica completa | Código de barras | Visto por última vez | Precio de reemplazo | Tipo de ítem Koha |
|---|---|---|---|---|---|---|---|---|---|---|---|---|---|---|
| Libros del s. XIX | Biblioteca del Ateneo de Madrid | Biblioteca del Ateneo de Madrid | Depósito 2 | 17/01/2008 | G-671-89 | 1170908 | 23/02/2023 | 23/02/2023 | Libro impreso antiguo |
